Kurdistan Quiz - Statistics

General Stats
  • This quiz has been taken 1,066 times
    951 since last reset
  • The average score is 6 of 19
Answer Stats
Hint Answer % Correct
Biggest city Erbil
76%
Famous mountain, shared with Armenia Ararat
54%
Oil-rich city disputed between KRG and Baghdad Kirkuk
44%
Founder and former leader of Kurdistan Workers Party (PKK) Abdulla Ocalan
41%
Most widely spoken dialect Kurmanji
39%
Current president of Kurdistan Regional Government (KRG) Nechirvan Barzani
37%
'Peshmerga' is the Kurdish term used for .............. The army
37%
City gassed by Saddam's forces in 1988 Halabja
36%
Religious minority Yezidis
35%
Another name for the city of Diyarbakir Amed
31%
Cultural capital Sulaimaniyah
29%
Year in which Kurdistan Regional Government (KRG) was established 1992
28%
Year in which the Republic of Mahabad was formed (and collapsed) 1946
21%
Genocide campaign by Ba'ath regime that lead to more than 180,000 victims in 1980s Anfal
19%
Lake in the eastern region Urmia
14%
Leader of the above republic Qazi Muhammad
13%
President of Iraq Barham Salih
5%
Politician and activist in Turkey, imprisoned for 10 years Leyla Zana
5%
Political leader assassinated in Vienna in 1989 Abdul Rahman Ghassemlou
4%
No matching quizzes found
Score Distribution
Percent of People with Each Score
Percentile by Number Answered
Your Score History
You have not taken this quiz since the last reset